000 00546nam a2200181 i 4500
001 27726
003 ES-MaACL
005 20230906153709.0
007 t|
008 030115s1972 sp ||||1| spa d
100 1 _aAuguet, Roland.
_923894
245 1 0 _aCrueldad y civilización
_b: los juegos romanos /
_cRoland Auguet ; [Traducción de Carmen Marsal].
250 _a[1ª ed.].
260 _aBarcelona :
_bAymá,
_c[1972]
300 _a231 p., 16 lám. ;
_c20 cm.
700 1 _aMarsal, Carmen.
_977103
852 _aES-MaACL
_jC-51662
_bR.93049
999 _c27726
_d27726